000
00266nam a2200121Ia 4500
008
220204s9999 xx 000 0 und d
082
_a
327
_b
COL
100
_a
J P
245
0
_a
Geography of world affairs
250
_a
Ed.5
260
_a
Penguin
_c
1979
942
_c
BK
999
_c
32982
_d
32982